[Event "ESP-ch (Women)"]
[Site "Novetle"]
[Date "2008.08.05"]
[Round "2"]
[White "Garcia Vicente, Nieves"]
[Black "Velandrino Gomez, Maria Cielo"]
[Result "1/2-1/2"]
[WhiteElo "2214"]
[BlackElo "1995"]
[PlyCount "114"]
[EventDate "2008.08.03"]
[EventType "swiss"]
[EventRounds "7"]
[EventCountry "ESP"]
[SourceTitle "CBM 125 Extra"]
[Source "ChessBase"]
[SourceDate "2008.09.01"]
[SourceVersion "1"]
[SourceVersionDate "2008.09.01"]
[SourceQuality "1"]

1. d4 d5 2. c4 c6 3. Nc3 Nf6 4. e3 a6 5. Qc2 e6 6. Nf3 c5 7. cxd5 exd5 8. dxc5 Bxc5 9. Be2 Nc6 10. 0-0 0-0 11. Rd1 Ba7 12. Bd2 Be6 13. Be1 h6 14. Nd4 Nxd4 15. exd4 Rc8 16. Qd2 Qd6 17. Rac1 Rfe8 18. a3 Bd7 19. f3 Nh5 20. Bf2 Nf4 21. Bf1 Bb8 22. Bg3 Bc6 23. Ne2 Nxe2+ 24. Bxe2 Qf6 25. Bxb8 Rxb8 26. Bf1 Re6 27. Re1 Rbe8 28. Rxe6 Rxe6 29. h3 Qh4 30. b3 Qe7 31. a4 Re3 32. Rc3 Rxc3 33. Qxc3 Qe8 34. Kf2 Qe6 35. Bd3 g6 36. Qd2 Kg7 37. Qe3 Qxe3+ 38. Kxe3 Kf6 39. h4 Ke6 40. Kf4 Kf6 41. g3 Bd7 42. g4 g5+ 43. Kg3 Ke7 44. f4 f6 45. hxg5 hxg5 46. Be2 Kd6 47. Kf3 b5 48. a5 Bc8 49. b4 Bd7 50. Bd3 Ke7 51. Bc2 Kd6 52. Bg6 Ke7 53. Kg3 Be8 54. Bf5 Bd7 55. Kf3 Kd6 56. Bg6 Ke7 57. Bh7 Be6 1/2-1/2

[Event "ESP-ch U18"]
[Site "Padron"]
[Date "2008.08.01"]
[Round "8"]
[White "Cucarella Montell, Angels"]
[Black "Velandrino Gomez, Maria Cielo"]
[Result "1/2-1/2"]
[WhiteElo "1941"]
[BlackElo "1995"]
[PlyCount "83"]
[EventDate "2008.07.27"]
[EventType "swiss"]
[EventRounds "9"]
[EventCountry "ESP"]
[SourceTitle "CBM 125 Extra"]
[Source "ChessBase"]
[SourceDate "2008.09.01"]
[SourceVersion "1"]
[SourceVersionDate "2008.09.01"]
[SourceQuality "1"]

1. e4 e6 2. d4 d5 3. Nc3 Nf6 4. e5 Nfd7 5. f4 c5 6. Nf3 Nc6 7. Be3 Be7 8. Qd2 0-0 9. Be2 a6 10. dxc5 Bxc5 11. Nd4 Bxd4 12. Bxd4 b5 13. a3 Bb7 14. 0-0 Rc8 15. Rae1 Nb6 16. Qe3 Nxd4 17. Qxd4 Nc4 18. Nd1 Qb6 19. c3 Qxd4+ 20. cxd4 Nd2 21. Ne3 Nxf1 22. Kxf1 Rc7 23. Bd3 Bc8 24. Ke2 Bd7 25. Kd2 Rfc8 26. Nc2 h6 27. h4 Re8 28. g4 Rf8 29. f5 h5 30. gxh5 f6 31. h6 gxh6 32. Rg1+ Kf7 33. Rg6 fxe5 34. dxe5 Rg8 35. fxe6+ Bxe6 36. Rf6+ Ke7 37. Nd4 Rg2+ 38. Ke3 Rg3+ 39. Kd2 Rg2+ 40. Ke3 Rg3+ 41. Kd2 Rg2+ 42. Ke3 1/2-1/2

[Event "ESP-ch U18"]
[Site "Padron"]
[Date "2008.07.30"]
[Round "6"]
[White "Juez Villar, Erik"]
[Black "Velandrino Gomez, Maria Cielo"]
[Result "1-0"]
[WhiteElo "1912"]
[BlackElo "1995"]
[PlyCount "87"]
[EventDate "2008.07.27"]
[EventType "swiss"]
[EventRounds "9"]
[EventCountry "ESP"]
[SourceTitle "CBM 125 Extra"]
[Source "ChessBase"]
[SourceDate "2008.09.01"]
[SourceVersion "1"]
[SourceVersionDate "2008.09.01"]
[SourceQuality "1"]

1. d4 d5 2. c4 c6 3. Nc3 Nf6 4. Nf3 a6 5. h3 dxc4 6. a4 e6 7. e3 c5 8. Bxc4 Nc6 9. 0-0 cxd4 10. exd4 Be7 11. Bg5 0-0 12. Qd2 Nb4 13. Rfe1 b6 14. Qe2 Bb7 15. Rad1 Nbd5 16. Bd3 h6 17. Bd2 Nb4 18. Bb1 Rc8 19. Ne5 Nbd5 20. Ba2 Qd6 21. Bb1 Nxc3 22. bxc3 Qd5 23. Qf1 b5 24. axb5 axb5 25. Re3 Rfd8 26. Rde1 b4 27. Rg3 Nh5 28. Be4 Nxg3 29. fxg3 Qxe4 30. Qxf7+ Kh7 31. Rxe4 Bxe4 32. Qxe7 bxc3 33. Bxh6 Rg8 34. Bd2 Rge8 35. Qh4+ Kg8 36. Bxc3 Bd5 37. Qh5 Re7 38. Ng6 Rec7 39. Qh8+ Kf7 40. Ne5+ Kf6 41. Qh4+ g5 42. Qh6+ Ke7 43. Qg7+ Kd6 44. Bb4+ 1-0

[Event "Andalucia-ch U18"]
[Site "Motril"]
[Date "2008.03.15"]
[Round "3.7"]
[White "Velandrino Gomez, Maria Cielo"]
[Black "Guadamuro Torrente, Anabel"]
[Result "1/2-1/2"]
[WhiteElo "1994"]
[BlackElo "2156"]
[PlyCount "43"]
[EventDate "2008.03.14"]
[EventType "swiss"]
[EventRounds "8"]
[EventCountry "ESP"]
[SourceTitle "EXT 2024"]
[Source "ChessBase"]
[SourceDate "2023.10.10"]
[SourceVersion "1"]
[SourceVersionDate "2023.10.10"]
[SourceQuality "1"]

1. d4 d5 2. c4 e6 3. cxd5 exd5 4. Nc3 Nf6 5. Bg5 Be7 6. e3 c6 7. Qc2 Bg4 8. Nge2 h6 9. Bh4 Qd7 10. Nc1 Bf5 11. Bd3 Bxd3 12. Nxd3 Qg4 13. Bg3 Nbd7 14. h3 Qf5 15. Rc1 Ne4 16. Bh2 0-0 17. 0-0 Bd6 18. Nxe4 Bxh2+ 19. Kxh2 Qxe4 20. Nc5 Nxc5 21. Qxc5 f5 22. g3 1/2-1/2

[Event "ESP-ch U18"]
[Site "Linares"]
[Date "2007.07.31"]
[Round "4"]
[White "Velandrino Gomez, Maria Cielo"]
[Black "Martinez Rodriguez, Pablo1111"]
[Result "1-0"]
[WhiteElo "2028"]
[BlackElo "1942"]
[PlyCount "43"]
[EventDate "2007.07.29"]
[EventType "swiss"]
[EventRounds "9"]
[EventCountry "ESP"]
[SourceTitle "EXT 2008"]
[Source "ChessBase"]
[SourceDate "2007.11.25"]
[SourceVersion "1"]
[SourceVersionDate "2007.11.25"]
[SourceQuality "1"]

1. d4 c5 2. d5 Nf6 3. Nc3 g6 4. e4 d6 5. Bb5+ Nbd7 6. a4 Bg7 7. f4 0-0 8. Nf3 a6 9. Bd3 b6 10. 0-0 Bb7 11. Re1 Qc7 12. Bc4 Nh5 13. Qd3 Rae8 14. Bd2 e6 15. dxe6 fxe6 16. Ng5 Rf6 17. g4 d5 18. exd5 Nxf4 19. Qg3 h6 20. dxe6 hxg5 21. exd7+ Rfe6 22. dxe8Q+ 1-0

[Event "ESP-ch U16"]
[Site "Linares"]
[Date "2007.07.24"]
[Round "4"]
[White "Senlle Caride, Miguel"]
[Black "Velandrino Gomez, Maria Cielo"]
[Result "1-0"]
[WhiteElo "2179"]
[BlackElo "2028"]
[PlyCount "105"]
[EventDate "2007.07.22"]
[EventType "swiss"]
[EventRounds "9"]
[EventCountry "ESP"]
[SourceTitle "EXT 2008"]
[Source "ChessBase"]
[SourceDate "2007.11.25"]
[SourceVersion "1"]
[SourceVersionDate "2007.11.25"]
[SourceQuality "1"]

1. g3 d5 2. Nf3 Nf6 3. Bg2 Bg4 4. Ne5 Bf5 5. c4 c6 6. d4 e6 7. Nc3 Bd6 8. cxd5 exd5 9. Bf4 0-0 10. 0-0 Qe7 11. Re1 Nbd7 12. e4 dxe4 13. Nxe4 Nxe4 14. Bxe4 Bxe4 15. Rxe4 Bxe5 16. dxe5 Nc5 17. Re2 Rad8 18. Rd2 Ne6 19. Be3 b6 20. f4 c5 21. Qg4 Rxd2 22. Bxd2 Nd4 23. Re1 Qe6 24. Qxe6 Nxe6 25. Bc3 Rd8 26. Kf2 g6 27. Ke3 h5 28. Re2 Kf8 29. Rd2 Ke7 30. Rxd8 Nxd8 31. Ke4 Ke6 32. h3 Nc6 33. g4 hxg4 34. hxg4 Ne7 35. Be1 Nc6 36. f5+ gxf5+ 37. gxf5+ Kd7 38. Bc3 Ne7 39. Be1 Nc6 40. Bf2 Ne7 41. a3 Nc6 42. Be3 Ne7 43. Bf4 Nc6 44. Bg5 Nd4 45. Bh6 Ke7 46. Be3 Nc6 47. Kd5 Na5 48. Bd2 Nb7 49. Kc6 Nd8+ 50. Kc7 Ke8 51. Bg5 f6 52. Bxf6 Nf7 53. Kb7 1-0

[Event "ESP-ch U16"]
[Site "Linares"]
[Date "2007.07.23"]
[Round "3"]
[White "Velandrino Gomez, Maria Cielo"]
[Black "Moreno Gracia, Daniel"]
[Result "1/2-1/2"]
[WhiteElo "2028"]
[BlackElo "2237"]
[PlyCount "31"]
[EventDate "2007.07.22"]
[EventType "swiss"]
[EventRounds "9"]
[EventCountry "ESP"]
[SourceTitle "EXT 2008"]
[Source "ChessBase"]
[SourceDate "2007.11.25"]
[SourceVersion "1"]
[SourceVersionDate "2007.11.25"]
[SourceQuality "1"]

1. d4 Nf6 2. Bg5 c6 3. Bxf6 gxf6 4. c4 d5 5. e3 Bf5 6. Nc3 e6 7. Nf3 Qb6 8. Qd2 Nd7 9. Rc1 a6 10. Be2 Bg7 11. 0-0 0-0 12. cxd5 cxd5 13. Nh4 Bg6 14. Nxg6 hxg6 15. Na4 Qd6 16. Nc5 1/2-1/2

[Event "Calvia Autonomicas-chT"]
[Site "Calvia"]
[Date "2007.05.05"]
[Round "5"]
[White "Pascual Palomo, Lucia"]
[Black "Velandrino Gomez, Maria Cielo"]
[Result "1/2-1/2"]
[WhiteElo "2112"]
[BlackElo "2034"]
[PlyCount "100"]
[EventDate "2007.05.03"]
[EventType "team"]
[EventRounds "5"]
[EventCountry "ESP"]
[SourceTitle "CBM 118 Extra"]
[Source "ChessBase"]
[SourceDate "2007.07.04"]
[SourceVersion "1"]
[SourceVersionDate "2007.07.04"]
[SourceQuality "1"]

1. e4 e6 2. d4 d5 3. Nc3 Nf6 4. Bg5 Be7 5. exd5 Nxd5 6. Bxe7 Qxe7 7. Qd2 0-0 8. Bd3 Nc6 9. Nge2 Bd7 10. Ne4 e5 11. c4 Ndb4 12. 0-0 Nxd3 13. Qxd3 exd4 14. Nxd4 Nxd4 15. Qxd4 Bc6 16. Ng3 Rfe8 17. h3 Qe5 18. Qd2 Rad8 19. Qc2 g6 20. Rad1 h5 21. Rxd8 Rxd8 22. Rd1 Rxd1+ 23. Qxd1 Qxb2 24. Qd8+ Kg7 25. Qxc7 Qc1+ 26. Nf1 Qxc4 27. Qe5+ Kh7 28. Qb2 Qe4 29. Ne3 Qe6 30. Qa3 a6 31. Qb2 f5 32. Nf1 Qe4 33. f3 Qe7 34. Qc3 Qe6 35. a3 b5 36. Qc5 Bd5 37. Qc7+ Qf7 38. Qd6 Qb7 39. Kh2 a5 40. Ne3 Bf7 41. Nc2 Qd5 42. Qc7 Qc4 43. Qe7 Qxc2 44. Qxf7+ Kh6 45. Qf8+ Kh7 46. Qe7+ Kh6 47. Qe3+ Kg7 48. Qa7+ Kh6 49. Qxa5 Qc6 50. Qd2+ Kg7 1/2-1/2

[Event "Dos Hermanas op 5th"]
[Site "Dos Hermanas"]
[Date "2006.03.31"]
[Round "2"]
[White "Teran Alvarez, Ismael"]
[Black "Velandrino Gomez, Maria Cielo"]
[Result "1-0"]
[WhiteElo "2446"]
[BlackElo "1997"]
[PlyCount "71"]
[EventDate "2006.03.30"]
[EventType "swiss"]
[EventRounds "9"]
[EventCountry "ESP"]
[SourceTitle "CBM 111 Extra"]
[Source "ChessBase"]
[SourceDate "2006.05.09"]
[SourceVersion "1"]
[SourceVersionDate "2006.05.09"]
[SourceQuality "1"]

1. c4 e5 2. g3 Nf6 3. Bg2 d5 4. cxd5 Nxd5 5. Nf3 Nc6 6. 0-0 Be7 7. d3 0-0 8. Nc3 Nb6 9. Be3 Be6 10. a3 f6 11. Rc1 Nd5 12. Bd2 Nxc3 13. Bxc3 Qd7 14. Qc2 Kh8 15. Rfd1 Rac8 16. d4 exd4 17. Nxd4 Bd6 18. Nxc6 bxc6 19. Bd4 c5 20. Bxc5 Qb5 21. b4 Bg4 22. Rd2 Bxc5 23. Qxc5 Qb6 24. h3 Be6 25. Rd3 Rfe8 26. Re3 Kg8 27. Bc6 Qxc5 28. Rxc5 Re7 29. Bd5 Kf7 30. Rxe6 Rxe6 31. Rc6 Rce8 32. f4 f5 33. e4 g6 34. g4 Kf6 35. e5+ Kf7 36. Rxc7+ 1-0

[Event "ESP-ch U14"]
[Site "Mondariz"]
[Date "2005.07.10"]
[Round "8.7"]
[White "Ladron de Guevara Bravo, Fermin"]
[Black "Velandrino Gomez, Maria Cielo"]
[Result "1-0"]
[WhiteElo "1938"]
[BlackElo "2012"]
[PlyCount "71"]
[EventDate "2005.07.06"]
[EventType "swiss"]
[EventRounds "8"]
[EventCountry "ESP"]
[SourceTitle "EXT 2024"]
[Source "ChessBase"]
[SourceDate "2023.10.10"]
[SourceVersion "1"]
[SourceVersionDate "2023.10.10"]
[SourceQuality "1"]

1. e4 d6 2. d4 Nf6 3. Nc3 c6 4. Nf3 Bg4 5. Be2 e6 6. 0-0 d5 7. e5 Nfd7 8. Ng5 Bxe2 9. Qxe2 Be7 10. Qg4 0-0 11. Re1 h6 12. Nh3 Kh8 13. Qh5 Kh7 14. Re3 c5 15. Rg3 Rg8 16. Qxf7 Qe8 17. Qxe6 cxd4 18. Nxd5 Bd8 19. Qf5+ g6 20. Qf4 g5 21. Qe4+ Rg6 22. f4 Kg8 23. f5 Rg7 24. e6 Nf6 25. Nxf6+ Bxf6 26. Bd2 Nc6 27. Nf2 h5 28. Rb3 Qe7 29. Qe2 g4 30. Ne4 Kh7 31. Nxf6+ Qxf6 32. Qe4 h4 33. Bf4 Rf8 34. Rb5 a6 35. Rc5 Qe7 36. f6+ 1-0

[Event "ESP-ch U14"]
[Site "Mondariz"]
[Date "2005.07.09"]
[Round "6.3"]
[White "Alonso Rosell, Alvar"]
[Black "Velandrino Gomez, Maria Cielo"]
[Result "1-0"]
[WhiteElo "2156"]
[BlackElo "2012"]
[PlyCount "57"]
[EventDate "2005.07.06"]
[EventType "swiss"]
[EventRounds "8"]
[EventCountry "ESP"]
[SourceTitle "EXT 2024"]
[Source "ChessBase"]
[SourceDate "2023.10.10"]
[SourceVersion "1"]
[SourceVersionDate "2023.10.10"]
[SourceQuality "1"]

1. d4 d5 2. c4 c6 3. Nf3 Nf6 4. Nc3 dxc4 5. a4 Bf5 6. e3 e6 7. Bxc4 Bb4 8. 0-0 0-0 9. Qe2 Bg4 10. Rd1 Bxc3 11. bxc3 Ne4 12. Qc2 Bxf3 13. gxf3 Ng5 14. Qe2 f5 15. Kh1 Nh3 16. Bxe6+ Kh8 17. Ba3 Rf6 18. d5 Qe8 19. c4 Qh5 20. Bb2 Nf4 21. exf4 Rh6 22. Bxg7+ Kxg7 23. Qb2+ Kf8 24. Qh8+ Ke7 25. Qg7+ Ke8 26. Qg8+ Ke7 27. d6+ Kf6 28. Qf8+ Kxe6 29. Qe7# 1-0